2014 Movies Blurred - Statistics

General Stats
  • This quiz has been taken 3 times
  • The average score is 25 of 50
Answer Stats
Picture Answer % Correct
22 Jump Street
100%
Godzilla
100%
Guardians Of The Galaxy
100%
How To Train Your Dragon 2
100%
Mr. Peabody & Sherman
100%
Muppets Most Wanted
100%
Rio 2
100%
The Amazing Spider-Man 2
100%
The Hunger Games: Mockingjay - Part 1
100%
Big Hero 6
67%
Captain America: The Winter Soldier
67%
Dawn Of The Planet Of The Apes
67%
John Wick
67%
Penguins Of Madagascar
67%
RoboCop
67%
Teenage Mutant Ninja Turtles
67%
X-Men: Days Of Future Past
67%
300: Rise Of An Empire
33%
American Sniper
33%
A Million Ways To Die In The West
33%
A Most Violent Year
33%
Annie
33%
Big Eyes
33%
Birdman (Or The Unexpected Virtue Of Ignorance)
33%
Deliver Us From Evil
33%
Divergent
33%
Dracula Untold
33%
Edge Of Tomorrow
33%
Exodus: Gods And Kings
33%
Gone Girl
33%
Hercules
33%
I, Frankenstein
33%
Into The Storm
33%
Into The Woods
33%
Jack Ryan: Shadow Recruit
33%
Jersey Boys
33%
Let's Be Cops
33%
Lucy
33%
Noah
33%
Pompeii
33%
Ride Along
33%
Seventh Son
33%
Sin City: A Dame To Kill For
33%
Testament Of Youth
33%
The Drop
33%
The Hobbit: The Battle Of The Five Armies
33%
The Judge
33%
Transformers: Age Of Extinction
33%
Unbroken
33%
Whiplash
33%
No matching quizzes found
Score Distribution
Percent of People with Each Score
Percentile by Number Answered
Your Score History
You have not taken this quiz